000
00237nam a2200097Ia 4500
008
231212s1988 xx 000 0 und d
041
_a
eng
100
_a
Kennedy
245
_a
Electronic Communication
260
_a
Delhi
_b
D.B. Tarapur
_c
1988
999
_c
960587
_d
960587